Регионална библиотека "Любен Каравелов" - Русе

Басни (Запис номер 24569)

MARC детайли
000 -Лидер
Контролно поле с фиксирана дължина 01281nam a2200337 c 4500
003 - Код на организацията, давaща контролен номер
Контролно поле BLK
005 - Дата и час на последна редакция
Контролно поле 20230406030301.0
008 - Елементи от данни с фиксирана дължина
fixed length control field 180413b bul|||||r ||||||| ||bul||
010 ## - Наследен системен номер
LC control number KNG00027086000
020 ## - Международен стандартен номер на книга ISBN
Международен стандартен номер на книга ISBN 954-597-095-2
-- издат.: Фама
040 ## - Източник на каталожния запис
Идентификатор на билиотеката - собственик на записа BLK
041 ## - Код за език
Код за езика на текст/звукозапис или на отделно заглавие Български
Код за езика КДБФ Български
080 ## - УДК
Текстов определител УДК Френска литература
УДК код - определител по УДК 821.133.1
УДК определител -342
УДК - код + определител 821.133.1-342
100 1# - Редна дума - Автор
Автор Лафонтен, Жан дьо
Авторска отговорност първи автор
R(LIN) 87853
139 ## - Редно поле
Редна дума Лафонтен, Жан дьо
Авторски знак Лаф - Л 28
245 10 - Сведения за заглавието
Заглавие Басни
Редно поле (дума) Жан дьо Лафонтен; прев. от фр. Тодор Харманджиев; ил. Жан-Батист Удри.
257 ## - Страна на издаване
Страна на създаване/издаване Франция
260 ## - Област на издателските данни
-- София
Име на издателя, разпространителя и проч. Фама
Година на издаване 1998
Печатница София : Офсетграфик
300 ## - Физическа характеристика
Страници 84 с.
Илюстрации и др. с ил.
Размери/Мащаб 20 см
380 ## - Жанр
Жанр Детска худож. лит.
490 1# - СЕРИИ (Колекции)
Име на серия Класика
500 ## - Общи забележки
Забележка Ориг. загл. Fabies / Jean de La Fontaine.
653 ## - Ключова дума – ненормативна
Ключова дума басни
700 1# - Други автори (авторска отговорност)
Лично име Харманджиев, Тодор
Друга информация Харманджиев, Тодор Александров, Илиев, Тодор Александров, Василев, Тодор Александров
Звания и думи, свързани с автора поет, преводач
Дати, свързани с автора 1905-1993
Пълна форма на името Илиев, Тодор Александров
9 (RLIN) 249306
700 1# - Други автори (авторска отговорност)
Лично име Удри, Жан-Батист
Автороска отговорност (Описва отношението между автора и произведението) ил.
9 (RLIN) 132227
852 ## - Местоположение
Форматна сигнатура Цб 197768
856 4# - Електронен адрес и достъп
Електронен формат pdf - файл
Път до файла /url/
856 4# - Електронен адрес и достъп
Електронен формат pdf - файл
Път до файла /url/
942 ## - АРТИКУЛИ
Вид на библиотечния материал Книги
Скрит в OPAC Не
Koha issues (borrowed), all copies 9
944 ## - СЪЗДАВАНЕ И РЕДАКЦИЯ на ЗАПИСА
Създаване/Редакция Създаване
Дата на регистрацията/редакция 15.01.2003
Служител, извършил регистрацията/редакцията Наталия_Медовщикова
944 ## - СЪЗДАВАНЕ И РЕДАКЦИЯ на ЗАПИСА
Създаване/Редакция Редакция
Дата на регистрацията/редакция 17.02.2009
Служител, извършил регистрацията/редакцията
999 ## - СИСТЕМНИ КОНТРОЛНИ НОМЕРА
Koha biblionumber 24569
Koha biblioitemnumber 24569
Наличности
Код за отписване Код за изгубен артикул Източник на класификационната схема Код за повреда Коз за рестрикции Код за отдаване Артикулен № Име на библиотеката - собственик Име на библиотеката, в която се намира в момента Статус (Текущо местоположение) Дата на вписване в системата Местоположение - отдел Цена в лева Инвентарен номер Систематично азбучна сигнатура Баркод Номер на екземпляра Цена в евро Служебна бележка Служебен тип на артикула
Изтеглен Не е изгубен Universal Decimal Classification Не е повреден без рестрикции заемане за дома 40480 Регионална библиотека "Любен Каравелов" Русе Регионална библиотека "Любен Каравелов" Русе Детски отдел 2001-01-01 Детски отдел 1.60 642080 ДХ 820/899 / Л 28 642080 1 0.82 Дост: Pk Вид: Ф N: стар фонд Дата инв: 04.08.2015 Бележки инв: Д2015 Книги
Изтеглен Не е изгубен Universal Decimal Classification Не е повреден без рестрикции заемане за дома 40481 Регионална библиотека "Любен Каравелов" Русе Регионална библиотека "Любен Каравелов" Русе Детски отдел 2001-01-01 Детски отдел 1.60 642081 ДХ 820/899 / Л 28 642081 2 0.82 Дост: Pk Вид: Ф N: стар фонд Книги
Изтеглен Не е изгубен Universal Decimal Classification Не е повреден без рестрикции заемане за дома 40482 Регионална библиотека "Любен Каравелов" Русе Регионална библиотека "Любен Каравелов" Русе Детски отдел 2001-01-01 Детски отдел 1.60 642362 ДХ 820/899 / Л 28 642362 3 0.82 Дост: Pk Вид: Ф N: стар фонд Книги
  Не е изгубен Universal Decimal Classification Не е повреден без рестрикции ползва се в читалня 40483 Регионална библиотека "Любен Каравелов" Русе Регионална библиотека "Любен Каравелов" Русе Хранилище 2001-01-01 Хранилище 0.00 647451 Цб 197768 120000647451 4 0.00 Дост: Dp Вид: Д N: 12 Книги
Vip Innovations Ltd, Rousse, Bulgaria 2025